My Cartoon 2: Bugs Bunny vs Mickey Mouse Quiz Stats

 Plays Quiz not verified by Sporcle

Challenge
Share
Tweet
Embed
Score 0/28 Timer 04:00
0 Plays Today
Cartoon & Year Bugs or Mickey % Correct
Porky's Hare Hunt 1938???
97%
All This and Rabbit Stew 1941???
93.1%
Who Framed Roger Rabbit 1988???
93.1%
Who Framed Roger Rabbit 1988???
92.6%
Hare-um Scare-um 1939???
91.6%
A Wild Hare 1940???
91.6%
Jack-Wabbit and the Beanstalk 1943???
88.1%
Easter Yeggs 1947???
85.1%
Bunny Hugged 1951???
84.7%
Robot Rabbit 1953???
84.2%
Foxy by Proxy 1952???
77.7%
Mr. Mouse Takes a Trip 1940???
71.3%
The Big Snooze 1946???
71.3%
Hold the Lion, Please 1942???
70.8%
Cartoon & Year Bugs or Mickey % Correct
Mickey and the Beanstalk 1947???
66.8%
Pluto and the Armadillo 1943???
66.3%
Pluto's Purchase 1948???
66.3%
Knights Must Fall 1949???
65.8%
A-Lad-in His Lamp 1948???
63.9%
Pluto's Christmas Tree 1952???
63.9%
Pueblo Pluto 1949???
63.4%
Symphony Hour 1942???
60.9%
The Little Whirlwind 1941???
60.4%
The Pointer 1939???
58.4%
The Simple Things 1953???
49%
The Fox Hunt 1938???
46.5%
R'coon Dawg 1951???
45%
Squatter's Rights 1946???
37.1%

You're not logged in!

Compare scores with friends on all Sporcle quizzes.
Join for Free
OR
Log In

You Might Also Like...

Show Comments

Extras

Top Quizzes Today


Score Distribution

Your Account Isn't Verified!

In order to create a playlist on Sporcle, you need to verify the email address you used during registration. Go to your Sporcle Settings to finish the process.

Report this User

Report this user for behavior that violates our Community Guidelines.

Details: